000 00621nam a2200193 i 4500
001 bg
245 0 0 _aDiscover Belarus
_h[Dokument elektroniczny] /
_cTOP-TOUR.
260 _aMinsk :
_bTop-Tour,
_c[2005].
300 _a1 dysk optyczny (CD ROM) :
_bfot. kolor. ;
_c8 cm.
500 _aDane tekstowe, fotografie.
500 _aWymagania sprzętowe: IBM PC, Windows 98 lub nowsze, czytnik CD ROM, karta graficzna.
651 9 _aBiałoruś
_xturystyka
655 _aDokumenty elektroniczne
040 _cBPK
041 w _apoleng
080 _a379.85:913(476)
942 _cCD
008 s pl f |000 0 pol
999 _c24092
_d24092
856 _uhttp://koha.tu.koszalin.pl/cgi-bin/koha/opac-detail.pl?biblionumber=24092
_yKatalog online BPK